| Record ID | ia:cu31924051219826 |
| Source | Internet Archive |
| Download MARC XML | https://archive.org/download/cu31924051219826/cu31924051219826_marc.xml |
| Download MARC binary | https://www.archive.org/download/cu31924051219826/cu31924051219826_meta.mrc |
LEADER: 00793cam 2200241 4500
001 1033088
005 20080314093248.0
008 870915s1885 nyu 000 0 eng d
035 $a(CStRLIN)NYCX87B96367
035 $a(NIC)notisAEN0326
035 $a(OCoLC)19614782
035 $a1033088
040 $aNIC$cNIC
100 1 $aRuskin, John,$d1819-1900.
245 10 $aAriadne Florentina :$bsix lectures on wood and metal engraving : given before the University of Oxford, in Michaelmas term, 1872 /$cby John Ruskin.
260 $aNew York:$bJ. Wiley,$c1885.
300 $a1 v. (various pagings) ;$c20 cm.
650 0 $aEngraving.
903 $aKirtas/Annex$d20080314$p31924051219826
905 $a19890224120000.0
948 $ac:mks
950 $lOLIN$b\OCAT\09/15/87\$dALL
995 $aHivolm$d20070103